000 01270nam0a2200301 4500
001 RU\NLR\b_ik\194680
005 20250616231236.0
010 _a978-5-9973-1588-7
_950
035 _a(NLR Aleph) 002267095
090 _a3899037
_c3899037
100 _a20120410d2011 |||y0rusy50 ca
101 0 _aeng
102 _aRU
105 _aa |||||||||
200 1 _aPractical confirmation of the possibility to implement a crystal mineral matrix in the human organic matrix
_fA. Krichkov, O. Shnaybel
210 _aMoscow
_cСпутник+
_d2011
215 _a46 c.
_cил., цв. ил.
_d21
320 _aБиблиогр.: с. 44-46
541 0 _aПрактическое подтверждение возможности внедрения кристаллического минерального матрикса в человеческий органический матрикс
_zrus
606 1 _a"Звездная пыль", субстанция
_xЛечебное применение
_92122627
_3RU\NLR\AUTH\661585277
686 1 _aР562,4-5
686 1 _aР358.9
700 1 _aKričkov
_bA. G.
_gAndrej Germanovič
_4070
701 1 _aŠnajbel'
_bO. I.
_gOl'ga Igorevna
_4070
801 0 _aRU
_bNLR
_c20120410
_gRCR
942 _cBOOK
980 _aNB